Liderzy w klasyfikacji punktowej w karierze NBA – Ekstremalny - Statystyki

Ogólne statystyki
  • Ten quiz został rozwiązany 23 razy
  • Średni wynik to 56 z 250
Statystyki odpowiedzi
Punkty Zawodnik % Poprawnych
40 474 LeBron James
95%
33 643 Kobe Bryant
90%
32 292 Michael Jordan
90%
28 924 Kevin Durant
81%
38 387 Kareem Abdul-Jabbar
76%
31 560 Dirk Nowitzki
71%
25 192 Jerry West
71%
14 034 David West
67%
21 791 Larry Bird
67%
25 211 Russell Westbrook
67%
28 596 Shaquille O'Neal
67%
23 668 Stephen Curry
67%
12 670 Dell Curry
62%
25 885 James Harden
62%
36 928 Karl Malone
62%
27 409 Moses Malone
62%
18 940 Scottie Pippen
62%
31 419 Wilt Chamberlain
62%
14 522 Bill Russell
57%
19 485 Dwight Howard
57%
23 165 Dwyane Wade
57%
17 231 Jeff Malone
57%
13 309 Jermaine O'Neal
57%
16 159 Juwan Howard
57%
15 531 Klay Thompson
57%
17 707 Magic Johnson
57%
26 496 Tim Duncan
57%
24 368 Allen Iverson
52%
28 289 Carmelo Anthony
52%
19 591 Clifford Robinson
52%
20 790 David Robinson
52%
15 535 Dennis Johnson
52%
19 202 Eddie Johnson
52%
14 234 Glenn Robinson
52%
20 407 Joe Johnson
52%
13 127 Kevin Johnson
52%
17 199 Kyrie Irving
52%
13 892 Marques Johnson
52%
12 748 Mickey Johnson
52%
20 894 Pau Gasol
52%
22 288 Chris Paul
48%
12 573 Derrick Rose
48%
18 502 Giannis Antetokounmpo
48%
26 946 Hakeem Olajuwon
48%
19 711 John Stockton
48%
26 071 Kevin Garnett
48%
14 139 Nikola Jokić
48%
17 717 Anthony Davis
43%
13 447 Baron Davis
43%
16 960 Bob Cousy
43%
23 757 Charles Barkley
43%
18 822 Isiah Thomas
43%
13 220 Jalen Rose
43%
18 364 Julius Erving
43%
17 387 Steve Nash
43%
19 521 Walter Davis
43%
20 880 Bob Pettit
38%
17 189 Chris Bosh
38%
21 813 Gary Payton
38%
17 529 Jason Kidd
38%
13 937 Kawhi Leonard
38%
12 810 Mychal Thompson
38%
26 710 Oscar Robertson
38%
26 397 Paul Pierce
38%
24 505 Ray Allen
38%
14 467 Ricky Pierce
38%
19 473 Tony Parker
38%
18 381 Tracy McGrady
38%
25 728 Vince Carter
38%
16 278 Andre Miller
33%
22 195 Clyde Drexler
33%
21 151 Damian Lillard
33%
14 241 Jeff Green
33%
26 395 John Havlicek
33%
24 815 Patrick Ewing
33%
18 032 Paul George
33%
25 279 Reggie Miller
33%
23 334 Robert Parish
33%
14 311 Alonzo Mourning
29%
14 529 Devin Booker
29%
23 149 Elgin Baylor
29%
14 018 Fred Brown
29%
20 708 George Gervin
29%
12 996 Josh Smith
29%
17 335 Kevin McHale
29%
14 043 Manu Ginóbili
29%
16 262 Randy Smith
29%
15 347 Shawn Kemp
29%
13 430 Steve Smith
29%
15 373 Tim Hardaway
29%
18 787 Bob McAdoo
24%
15 097 Byron Scott
24%
15 802 Chauncey Billups
24%
17 137 Grant Hill
24%
16 320 James Worthy
24%
14 399 Jo Jo White
24%
14 225 Thaddeus Young
24%
13 968 Andre Iguodala
19%
15 647 Antoine Walker
19%
19 655 Bernard King
19%
14 513 Blake Griffin
19%
16 355 Bradley Beal
19%
16 784 Buck Williams
19%
18 831 Chet Walker
19%
17 911 Chris Mullin
19%
17 182 Chris Webber
19%
23 582 DeMar DeRozan
19%
13 804 Deron Williams
19%
26 668 Dominique Wilkins
19%
13 868 Eric Gordon
19%
14 093 Gus Williams
19%
12 996 Horace Grant
19%
15 736 Jrue Holiday
19%
14 486 Kemba Walker
19%
15 299 Kevin Love
19%
15 593 Lou Williams
19%
13 647 Peja Stojaković
19%
16 006 Rasheed Wallace
19%
25 613 Alex English
14%
14 167 Al Horford
14%
13 091 Andrew Wiggins
14%
13 895 Bob Love
14%
16 476 Brook Lopez
14%
14 155 Eddie Jones
14%
14 862 James Edwards
14%
14 644 Jason Richardson
14%
14 934 Jimmy Butler
14%
13 121 Karl-Anthony Towns
14%
15 016 Mike Mitchell
14%
20 497 Mitch Richmond
14%
15 948 Pete Maravich
14%
18 395 Rick Barry
14%
15 411 Sam Jones
14%
17 700 Shawn Marion
14%
13 398 Vlade Divac
14%
23 177 Adrian Dantley
10%
14 343 Al Jefferson
10%
13 910 Alvan Adams
10%
15 994 Amar'e Stoudemire
10%
20 042 Antawn Jamison
10%
13 790 Bill Laimbeer
10%
13 626 Billy Cunningham
10%
19 004 Dale Ellis
10%
13 516 Dave Cowens
10%
12 802 DeMarcus Cousins
10%
16 006 Derek Harper
10%
15 761 Detlef Schrempf
10%
17 454 Earl Monroe
10%
27 313 Elvin Hayes
10%
18 336 Glen Rice
10%
21 586 Hal Greer
10%
12 690 Jim Jackson
10%
17 253 Kevin Willis
10%
20 558 LaMarcus Aldridge
10%
17 772 Lenny Wilkens
10%
17 306 Michael Finley
10%
14 858 Monta Ellis
10%
12 658 Nick Van Exel
10%
15 370 Nikola Vučević
10%
15 579 Rashard Lewis
10%
14 904 Richard Jefferson
10%
17 623 Rolando Blackman
10%
13 910 Ron Harper
10%
17 642 Rudy Gay
10%
15 635 Sam Cassell
10%
12 976 Stephen Jackson
10%
16 297 Stephon Marbury
10%
14 602 Tobias Harris
10%
20 049 Tom Chambers
10%
14 551 Allan Houston
5%
12 665 Bill Sharman
5%
12 964 Bob Boozer
5%
17 949 Calvin Murphy
5%
13 976 Carlos Boozer
5%
14 231 CJ McCollum
5%
18 327 Dave Bing
5%
14 053 Dave DeBusschere
5%
16 827 Elton Brand
5%
12 568 Goran Dragić
5%
12 796 Harrison Barnes
5%
14 470 Hersey Hawkins
5%
17 287 Jack Sikma
5%
18 881 Jason Terry
5%
15 659 Jeff Hornacek
5%
14 053 Jerry Lucas
5%
16 409 Jerry Stackhouse
5%
16 401 Joe Dumars
5%
16 218 Kyle Lowry
5%
15 687 Larry Nance
5%
16 712 Latrell Sprewell
5%
13 361 Luol Deng
5%
18 458 Mark Aguirre
5%
14 698 Mike Bibby
5%
15 888 Mike Conley
5%
17 600 Otis Thorpe
5%
16 266 Paul Arizin
5%
15 708 Richard Hamilton
5%
12 871 Rik Smits
5%
13 383 Rudy Tomjanovich
5%
15 028 Shareef Abdur-Rahim
5%
14 592 Spencer Haywood
5%
15 586 Terry Porter
5%
16 481 Tiny Archibald
5%
20 941 Walt Bellamy
5%
15 581 Walt Frazier
5%
18 578 Zach Randolph
5%
13 237 Al Harrington
0%
12 700 Armen Gilliam
0%
15 579 Artis Gilmore
0%
17 770 Bailey Howell
0%
12 713 Bill Cartwright
0%
15 530 Bob Dandridge
0%
19 248 Bob Lanier
0%
13 858 Chuck Person
0%
13 447 Cliff Hagan
0%
13 198 Corey Maggette
0%
14 659 Dan Issel
0%
12 884 Derrick Coleman
0%
15 358 Dick Barnett
0%
15 079 Dick Van Arsdale
0%
18 438 Dolph Schayes
0%
19 181 Gail Goodrich
0%
12 687 Gordon Hayward
0%
15 840 Jack Twyman
0%
14 644 Jamaal Wilkes
0%
19 419 Jamal Crawford
0%
13 017 Jeff Mullins
0%
15 291 John Drew
0%
12 740 Johnny Newman
0%
12 914 Kendall Gill
0%
15 980 Kiki Vandeweghe
0%
12 781 Lamar Odom
0%
17 940 Lou Hudson
0%
13 058 Metta World Peace
0%
14 437 Nate Thurmond
0%
13 623 Orlando Woolridge
0%
12 544 Otis Birdsong
0%
14 536 Paul Millsap
0%
12 809 Paul Westphal
0%
14 607 Purvis Short
0%
19 015 Reggie Theus
0%
14 676 Richie Guerin
0%
14 463 Rod Strickland
0%
15 324 Sam Perkins
0%
12 803 Sidney Wicks
0%
19 460 Terry Cummings
0%
14 232 Tom Van Arsdale
0%
12 878 Wayman Tisdale
0%
17 955 World B. Free
0%
13 606 Xavier McDaniel
0%
Nie znaleziono quizów pasujących do podanych kryteriów
Rozkład punktacji
Procent ludzi z każdym wynikiem
Percentyl według liczby udzielonych odpowiedzi
Twoja historia wyników
Nie rozwiązałeś tego quizu